Poema de mio cid /

Guardado en:
Autor Principal: Anónimo
Formato: Libro
Publicado: Buenos Aires : Troquel, 1965
Edición:4a. ed.
Materias:
Etiquetas: Agregar Etiqueta
Sin Etiquetas, Sea el primero en etiquetar este registro!
LEADER 00593nam a22002175a 4500
001 CEM.cems000536
005 20060210000000.0
008 130507s1965##################000#0#####d
003 CEMS
082 0 4 |a 861.1 
100 1 |a Anónimo 
245 1 0 |a Poema de mio cid / 
250 |a 4a. ed. 
260 |a Buenos Aires :  |b Troquel,  |c 1965 
300 |a 249 p. 
500 |a Introducción y notas por Julio Caillet-bois 
653 |a Literatura 
653 |a Literatura espaÑola 
653 |a Poesia epica 
653 |a Poesia espaÑola 
859 |a CEMS  |b BIB. CEMS - 11 de abril  |h 861.1  |i P752-3a4  |p 6035.77  |t Ej.1